000 01046pam a2200301 a 4500
001 3854997
003 OSt
005 20160624182728.0
008 880517s1989 paua b 001 0 eng c
010 _a 88009050
020 _a0397508603
040 _aDNLM/DLC
_cDLC
_dDLC
050 0 0 _aRB37
_b.C593 1989
060 _aQY 4 C6415
082 0 0 _aQY 4
_bC611b 1989
245 0 0 _aClinical laboratory science :
_bstrategies for practice /
_cedited by Brenta G. Davis, Michael L. Bishop, Diana Mass ; associate editors, Janet Duben-Von Laufen ... [et al.] ; with 65 contributors.
260 _aPhiladelphia :
_bLippincott,
_c1989.
300 _axlvi, 1024 p. :
_bill. ;
_c25 cm.
504 _aIncludes bibliographies and index.
650 0 _aDiagnosis, Laboratory.
_9904
650 2 _aDiagnosis, Laboratory.
_9904
650 2 _aTechnology, Medical.
_9905
700 1 _aDavis, Brenta G.
_99598
700 1 _aBishop, Michael L.
_99599
700 1 _aMass, Diana.
_99600
906 _a7
_bcbc
_corignew
_d1
_eocip
_f19
_gy-gencatlg
942 _2z
_cO_SHELF
999 _c4469
_d4469